00301 a2200109 4500001000700000020000600007040001100013100003500024240006400059245005900123362000900182166486 a  cMagnum aBorges, Cecilia Maria Ferreira10aO professor de educacao fisica e a construcao do saberlpor10aO professor de educacao fisica e a construcao do saber0 a1899